[Event "AUT-chT (Women) 1516"]
[Site "Austria"]
[Date "2015.11.07"]
[Round "2.2"]
[White "Cespedes Alba, Gladis Sandra"]
[Black "Schnegg, Anna Lena"]
[Result "1-0"]
[WhiteElo "1878"]
[BlackElo "2149"]
[PlyCount "79"]
[EventDate "2015.11.06"]
[EventType "team-swiss"]
[EventRounds "7"]
[EventCountry "AUT"]
[SourceTitle "EXT 2017"]
[Source "ChessBase"]
[SourceDate "2016.10.25"]
[SourceVersion "1"]
[SourceVersionDate "2016.10.25"]
[SourceQuality "1"]
[WhiteTeam "Tschaturanga (W)"]
[BlackTeam "Mayrhofen/Zillertal (W)"]
[WhiteTeamCountry "AUT"]
[BlackTeamCountry "AUT"]

1. e4 e5 2. Nf3 Nc6 3. Bc4 Bc5 4. Nc3 Nf6 5. d3 d6 6. 0-0 0-0 7. Bg5 Be6 8. Bb3 h6 9. Bh4 g5 10. Bg3 a6 11. Qd2 Nh5 12. Kh1 Kh7 13. Ne2 Nf4 14. c3 Qf6 15. Ne1 Ba7 16. Bc2 Kh8 17. f3 Ne7 18. Bf2 Bxf2 19. Rxf2 Neg6 20. d4 Kg7 21. Ng3 Rae8 22. d5 Bd7 23. Nd3 Rh8 24. Re1 h5 25. Nf1 Rh6 26. Ne3 Reh8 27. Nxf4 gxf4 28. Nf1 Kf8 29. g3 Rg8 30. Rg2 Bh3 31. Rg1 Bxf1 32. Rexf1 fxg3 33. Qxh6+ Ke7 34. Rxg3 h4 35. Rg4 Kd7 36. Qg5 Qh8 37. Qf5+ Kd8 38. Rfg1 Rf8 39. Qg5+ Kd7 40. c4 1-0